000 01024nas a2200325 4500
001 BR2013006580
003 BR-BrBNA
005 20231205122813.0
007 ta
008 230509b bl.|||p| |||| 00| 00por d
040 _aBR-BrBNA
_bpor
_cBiblioteca Nacional de Agricultura
041 _a(Pt)
072 _aP34
100 1 _aCampos, D.T. da S.
100 1 _aSilva, M. de C.S. da
100 1 _aLuz, J.M.R. da
100 1 _aTelesfora, R.J.
100 1 _aKasuya, M.C.M.
245 1 _aColonização micorrízica em plantios de eucalipto
246 1 _aMycorrhizal colonizations in eucalypt plantations
650 _aEUCALIPTO
650 _aMICORRIZA VESICULAR ARBUSCULAR
650 _aFUNGO
650 _aCOLONIZAÇÃO
650 _a
773 0 _tRevista Árvore (Brazil)
_xISSN 0100-6762
_g(Sep-Oct 2011), v. 35(5) p. 965-974
_wBR2013006580
856 4 _uhttp://www.scielo.br/pdf/rarv/v35n5/a02v35n5.pdf
_yRecurso eletrônico (PDF)
909 _a202311
_bLúcia
_c55
_dLúcia Elande
942 _2AGRIS
_n0
_cANA
999 _c230648
_d230648